| 000 | 00714nam a22002292 4500 | ||
|---|---|---|---|
| 001 | 0000012929 | ||
| 005 | 20151217152118.0 | ||
| 008 | 090505s xx 000 0 eng d | ||
| 020 | _a0761942313 : | ||
| 040 |
_aKABU _cKABU |
||
| 100 | 1 |
_aHaslam, S. Alexander. _@0000169941 |
|
| 245 | 1 | 0 |
_aPsychology in organizations : _bthe social identity approach / _cS. Alexander Haslam. |
| 250 | _a2nd ed. | ||
| 260 |
_aLondon : _bSage, _c2004. |
||
| 300 | _axxvi, 306 p. | ||
| 650 | 0 |
_aOrganizational behavior. _@0000150790 |
|
| 650 | 0 |
_aSocial psychology. _@0000152823 |
|
| 650 | 0 |
_aGroup identity. _@0000168050 |
|
| 852 | 1 | _9p3000 KES | |
| 908 | _a090505 | ||
| 950 | _@1 | ||
| 999 |
_c8380 _d8380 |
||